All Olivia Rodrigo Songs Over 1 Billion Streams - Statistics

General Stats
  • This quiz has been taken 28 times
  • The average score is 7 of 8
Answer Stats
Hint Answer % Correct
2.50 (SOUR) drivers license
94%
1.36 (GUTS) vampire
94%
1.93 (SOUR) traitor
88%
1.94 (SOUR) deja vu
82%
2.43 (SOUR) good 4 u
76%
1.39 (SOUR) happier
76%
1.09 (SOUR) jealousy jealousy
76%
1.33 (SOUR) favorite crime
65%
No matching quizzes found
Score Distribution
Percent of People with Each Score
Percentile by Number Answered
Your Score History
You have not taken this quiz